书目信息 |
| 题名: |
基本技术与案例实践
|
|
| 作者: | 郭晓俊 , 孙江宏 ;年份不能打出2007 | |
| 分册: | ||
| 出版信息: | 北京 清华大学出版社 |
|
| 页数: | 327 | |
| 开本: | 26cm | |
| 丛书名: | ||
| 单 册: | ||
| 中图分类: | TG76 | |
| 科图分类: | ||
| 主题词: | 模具 | |
| 电子资源: | ||
| ISBN: | 7-302-14194-5 | |
| 000 | 00669nam0 2200205 450 | |
| 001 | 0738803773 | |
| 005 | 20070929104643.76 | |
| 010 | @a7-302-14194-5@d¥39.00 | |
| 100 | @a20070929d km y0chiy0120 ea | |
| 101 | 0 | @achi |
| 200 | 1 | @a基本技术与案例实践@Aji ben ji shu yu an li shi jian@f郭晓俊,孙江宏@Fguo xiao jun,sun jiang hong@g年份不能打出2007@Gnian fen bu neng da chu 2007 |
| 210 | @a北京@c清华大学出版社 | |
| 215 | @a327@d26cm | |
| 606 | 0 | @a模具 |
| 690 | @aTG76@v3 | |
| 701 | 0 | @a郭晓俊@Aguo xiao jun |
| 701 | 0 | @a孙江宏@Asun jiang hong |
| 702 | 0 | @a年份不能打出2007@Anian fen bu neng da chu 2007 |
| 801 | 0 | @aCN@bPFT@c20070929 |
| 905 | @a213230@dTG76@eM42@f1 | |
| 基本技术与案例实践/郭晓俊,孙江宏/年份不能打出2007.-北京:清华大学出版社 |
| 327;26cm |
| ISBN 7-302-14194-5:¥39.00 |
| ● |
| 相关链接 |
|
|
|
|
正题名:基本技术与案例实践
索取号:TG76/M42
 
预约/预借
| 序号 | 登录号 | 条形码 | 馆藏地/架位号 | 状态 | 备注 |
| 1 | 6401265 | 264012650 | 美术系资料室/ [索取号:TG76/M42] | 在馆 |